Responses for Show #4702 - Tuesday, February 1, 2005

2005 Teen Tournament quarterfinal game 5.

Contestants

[<< previous game]

Anne Shivers, a senior from Peotone, Illinois

Wes Kovarik, a senior from Antioch, California

Amy Fletcher, a junior from Cincinnati, Ohio

[next game >>]

Jeopardy! Round responses

ZOOLOGY
RECENT CINEMA
THE LARGEST IN AREA
AT THE MALL
BIBLICAL POLICE BLOTTER
TIME FOR A "PI"
    $200 1
tarantula

Amy
    $200 21
Spider-Man 2

Anne
    $200 16
China

Anne
    $200 11
Old Navy

Anne
    $200 26
Cain

Amy
    $200 6
Cupid

Wes
    $400 2
turtle

Wes
    $400 22
Shrek 2

Wes
    $400 17
Brazil

Wes
    $400 12
(Wes: What is Pacific Sun?)

Pacific Sunwear

Wes
Triple Stumper
    $400 27
John the Baptist

Anne
    $400 7
epidermis

Wes
    $600 3
manta rays

Wes
    $600 23
Christmas

Wes
    $600 18
Egypt

Wes
    $600 13
Cinnabon

Anne
    $600 28
Abraham

Anne
    $600 8
capital

Wes
    $800 4
(Amy: What is genus?)

order

AmyWes
    $800 24
Friday Night Lights

Wes
    $800 19
France

Anne
    $800 14
Sam Goody

Wes
    $800 29
Lot

Anne
    $1,500 9
porcupine

Wes
    $1000 5
metamorphosis

Wes
    $1000 25
Martin Scorsese

Wes
    $1000 20
Japan

Anne
    $1000 15
(Wes: What is Cingular?)

T-Mobile

Wes
Triple Stumper
    $1000 30
The Ark of the Covenant

Triple Stumper
    $1000 10
pimpernel

Triple Stumper

Scores at the first commercial break (after clue 15):

Amy Wes Anne
-$600 $4,900 $800

Scores at the end of the Jeopardy! Round:

Amy Wes Anne
-$400 $8,700 $4,800

Double Jeopardy! Round responses

CANADIAN FLAGS
POP SINGERS ON BROADWAY
OLD NEWS
BRAIN TEASE
LINCOLN BLOGS
FIX THE PROVERB
    $400 3
British Columbia

Wes
    $400 22
American Idol

Wes
    $400 19
George H. W. Bush

Amy
    $400 1
the cerebrum

Amy
    $400 8
the Emancipation Proclamation

Wes
    $400 2
(Anne: What is root... uh, excuse me.)
(Alex: Oh, that's too bad...)

Money is the root of all evil

WesAnne
    $800 4
the Union Jack

Wes
    $800 23
Joey Fatone

Wes
    $800 20
Russia (or the USSR)

Anne
    $800 25
(Anne: What is cancer?)

stroke

AmyAnne
    $800 9
(Ulysses S.) Grant

Amy
    $800 10
All that glitters is not gold

Anne
    $1200 5
the Yukon Territory

Wes
    $1200 24
Joey McIntyre

Amy
    $1200 16
Iran

Wes
    $1200 26
(Amy: What is C.A.T.?)

E.E.G.

Amy
Triple Stumper
    $1,800 11
Richmond (Virginia)

Anne
    $1200 14
Paddle your own canoe

Amy
    $3,000 6
(Wes: What is New Brunswick?)
...
(Alex: [*]: New Scotland. [*].)

Nova Scotia

Wes
    $1600 30
Christy Carlson Romano

Amy
    $1600 17
Cuba

Anne
    $1600 27
the pituitary gland

Anne
    $1600 12
his resignation

Triple Stumper
    $1600 15
Laughter is the best medicine

Wes
    $2000 7
(Amy: What is Ontario?)

Quebec

AmyAnne
    $2000 29
Aida

Anne
    $2000 21
Cyprus

Wes
    $2000 28
(Amy: What are axons?)

neurons

AmyWes
    $2000 13
the draft

Anne
    $2000 18
(Amy: What is Speak twice before you hear?)

Hear twice before you speak once

Amy
Triple Stumper

Scores at the end of the Double Jeopardy! Round:

Amy Wes Anne
-$1,200 $16,900 $16,200

Final Jeopardy! Round responses

19th CENTURY LITERATURE
(Alex: Come on over here. You're a winner. Well done. And now let's take a look at your opponents in the semifinals. Who are they?)
(Michael: Michael Braun, Silver Spring, Maryland.)
(Steve: Steve Golden, Brookeville, Maryland.)
(Caitlin: Caitlin Cook, Arden, North Carolina.)
(Peter: Peter Severson, Sioux Falls, South Dakota.)
(Alex: Those were the winners of the quarterfinal matches. Here are the players, the high scorers among non-winners.)
(Ruvani: Ruvani Fonseka, Grosse Pointe, Michigan.)
(Jimmy: Jimmy Li, Chesterfield, Missouri.)
(Orlando: Orlando Zambrano, Campbell, Florida.)
(Alex: Three of 'em. We're missing one. That would be you, Anne Shivers. Come on over here. You also will be coming back as a semifinalist. Have a good one. So long, everybody.)
AnneWhat is Pride and Prejudice?
$3,801
WesWhat is Huck Finn?
$2,000
The Scarlet Letter

Final scores:

Amy Wes Anne
-$1,200 $14,900 $12,399
3rd place: $2,500 + a computer package if eliminated Automatic semifinalist 2nd place: $2,500 + a computer package if eliminated

Game dynamics:

Coryat scores:

Amy Wes Anne
-$1,200 $19,200 $15,600
9 R,
5 W
26 R
(including 1 DD),
3 W
(including 1 DD)
17 R
(including 1 DD),
2 W

Combined Coryat: $33,600

[game clues] [game scores] [suggest correction]

Game tape date: 2004-10-26
The J! Archive is created by fans, for fans. Scraping, republication, monetization, and malicious use prohibited; this site may use cookies and collect identifying information. See terms. The Jeopardy! game show and all elements thereof, including but not limited to copyright and trademark thereto, are the property of Jeopardy Productions, Inc. and are protected under law. This website is not affiliated with, sponsored by, or operated by Jeopardy Productions, Inc. Join the discussion at JBoard.tv.